000 00519nam a22001457a 4500
005 20180221110550.0
008 180221b xxu||||| |||| 00| 0 eng d
040 _cPK-LaUMT
082 _aZIAC 297.05
_bABD-M
100 _aAbdul Qadir Azad , Muhammad
245 _aMirzayat ghair muslim aqliyat : apni tehreeron kay ainay mein(مرزایت غیر مسلم اقلیت اپنی تحریروں کے آینے میں)
_cMuhammad Abdul Qadir Azad
260 _aلاہور:
_bمجلس علما
300 _a32
942 _cBK
999 _c103577
_d103577